ბათუმის შოთა რუსთაველის სახელმწიფო უნივერსიტეტის ბიბლიოთეკა

The Economist.№ 8863. Number 23rd (ბიბ.ჩანაწერი № 40915)

000 -LEADER
fixed length control field 00369nam a2200169Ia 4500
001 - CONTROL NUMBER
control field 7560
003 - CONTROL NUMBER IDENTIFIER
control field GE_BSU
008 - FIXED-LENGTH DATA ELEMENTS--GENERAL INFORMATION
fixed length control field 181216s||||||||xx |||||||||||||| ||und||
020 ## - INTERNATIONAL STANDARD BOOK NUMBER
International Standard Book Number 9770013061220
040 ## - CATALOGING SOURCE
Transcribing agency GE_BSU
245 #4 - TITLE STATEMENT
Title The Economist.№ 8863. Number 23rd
245 ## - TITLE STATEMENT
Remainder of title Vol 409
260 ## - PUBLICATION, DISTRIBUTION, ETC.
Date of publication, distribution, etc. 2013
300 ## - PHYSICAL DESCRIPTION
Extent 90p;26cm.
653 ## - INDEX TERM--UNCONTROLLED
Uncontrolled term The Economist
942 ## - ADDED ENTRY ELEMENTS (KOHA)
Koha item type პერიოდიკა
ეგზემპლარები
Withdrawn status Lost status Damaged status Not for loan Date acquired Barcode Date last seen Price effective from Koha item type
        2018-12-17 p75990 2018-12-17 2018-12-17 პერიოდიკა